Länder mit den meisten Feiertagen 2025 - Statistiken

Allgemein
  • Dieses Quiz wurde 46 mal gespielt
  • Das Durchschnittsergebnis liegt bei 5 aus 18
Antwortstatistiken
# Länder % Korrekt
42 Indien
71%
26 Iran
57%
18 Philippinen
36%
16-19 Argentinien
33%
22 Bangladesch
33%
35 Nepal
33%
13-18 Österreich
31%
18 Kolumbien
29%
20 Chile
26%
21 Kambodscha
26%
18-24 Malaysia
26%
26 Myanmar
26%
25 Sri Lanka
26%
18 Osttimor
14%
22 Liechtenstein
7%
19 Libanon
5%
18 Trinidad und Tobago
5%
23 Fidschi
2%
Keine übereinstimmenden Quizze gefunden
Verteilung der Resultate
Anzahl Personen mit jedem Resultat
Perzentil nach korrekt beantworteten Fragen
Ihre Resultats-Entwicklung
Sie haben dieses Quiz noch nicht gespielt